| 000 | 00482nam a2200169Ia 4500 | ||
|---|---|---|---|
| 999 |
_c22270 _d22270 |
||
| 003 | OSt | ||
| 005 | 20200709150910.0 | ||
| 008 | 190216s9999||||xx |||||||||||||| ||und|| | ||
| 040 | _coclc | ||
| 082 |
_a297 _bAKB/O |
||
| 100 |
_aAkbar, M M _92026 |
||
| 245 | 0 |
_aOre Oru Daivam Orotta Janatha / _c M M Akbar |
|
| 260 |
_bA Newness Technical Book, _c1991. _aKozhikode: |
||
| 300 | _a44p | ||
| 650 | _aIslamic History | ||
| 942 |
_cBK _2ddc _h297 _iAKB/O _k297 _mAKB/O |
||